Catalog

Record Details

Catalog Search



Available copies

  • 0 of 1 copy available at LARL/NWRL Consortium.
  • 0 of 1 copy available at Lake Agassiz Regional Library. (Show preferred library)

Current holds

0 current holds with 1 total copy.

Show Only Available Copies
Location Call Number / Copy Notes Barcode Shelving Location Status Due Date
Breckenridge Public Library Y G MOO (Text) 33500014154462 Main Checked out 07/22/2026

Record details

  • ISBN: 9781838741556
  • ISBN: 1838741550
  • Physical Description: 186 pages : illustrations (some color) ; 29 cm
  • Edition: First edition.
  • Publisher: London : Flying Eye Books, 2024.

Content descriptions

Summary, etc.:
"Living with his grandfather and struggling in a ... Read More
Subject: High school students > Comic books, strips, etc.
Ghosts > Comic books, strips, etc.
Infatuation > Comic books, strips, etc.
High school students > Fiction.
Ghosts > Fiction.
Crushes > Fiction.
Genre: Young adult fiction.
Paranormal comics.
School comics.
Graphic novels.
LDR 02231cam a2200469 i 4500
001451987
003LARL_NWRL_CONSORTIUM
00520250210155538.0
008230130t20242024enka d 6 000 1 eng d
040 . ‡aYDX ‡beng ‡erda ‡cYDX ‡dOCLCO ‡dBDX ‡dJAS ‡dOCLCO ‡dIUK ‡dOTP ‡dOCLCO ‡dIMD
020 . ‡a9781838741556 ‡q(paperback)
020 . ‡a1838741550 ‡q(paperback)
035 . ‡a(OCoLC)1363102068
08204. ‡a741.5941 ‡223/eng/20240926
1001 . ‡aMoore, John ‡c(Graphic novelist), ‡eauthor.
24510. ‡aDitching Saskia / ‡cJohn Moore, Neetols.
250 . ‡aFirst edition.
264 1. ‡aLondon : ‡bFlying Eye Books, ‡c2024.
264 4. ‡c©2024
300 . ‡a186 pages : ‡billustrations (some color) ; ‡c29 cm
336 . ‡atext ‡btxt ‡2rdacontent
336 . ‡astill image ‡bsti ‡2rdacontent
337 . ‡aunmediated ‡bn ‡2rdamedia
338 . ‡avolume ‡bnc ‡2rdacarrier
520 . ‡a"Living with his grandfather and struggling in a new high school, Damian decides to summon his mother's ghost so he can talk things out--but he blows it and summons Saskia, a scruffy, annoying kid. Trying to settle into his new life, Damian doesn't need her hanging around trying to 'help' him with his crush--but Saskia's suffering too, and everything they're both hiding deep down might be just what they both need to get some peace. John Moore and Neetols paint a sweet and hilarious tale of young love amid grief, where someone's flaws might be the reason you love them the most."-- ‡cAmazon.com.
650 0. ‡aHigh school students ‡vComic books, strips, etc.
650 0. ‡aGhosts ‡vComic books, strips, etc.
650 0. ‡aInfatuation ‡vComic books, strips, etc.
650 1. ‡aHigh school students ‡vFiction. ‡0(LARL_NWRL_CONSORTIUM)165594
650 1. ‡aGhosts ‡vFiction. ‡0(LARL_NWRL_CONSORTIUM)176019
650 1. ‡aCrushes ‡vFiction.
655 0. ‡aYoung adult fiction.
655 7. ‡aParanormal comics. ‡2lcgft
655 7. ‡aSchool comics. ‡2lcgft
655 7. ‡aGraphic novels. ‡2lcgft
7000 . ‡aNeetols ‡c(Comic book artist), ‡eillustrator.
905 . ‡uvanderl
901 . ‡a451987 ‡bAUTOGEN ‡c451987 ‡tbiblio ‡soclc

Additional Resources